000 01036nam0a2200289 4500
001 RU\NLR\bibl\109444
005 20260407061055.0
010 _a5-204-00206-5
_910000
021 _aRU
_b2000-21246
_9996
035 _a(NLR Aleph) 000107112
090 _a606690
_c606690
100 _a20000921d2000 |||y0rusy50 ca
101 0 _arus
102 _aRU
105 _ay |||||||||
200 1 _aУдарение в русском языке (трудные случаи)
_eСлов.
_e[Ок. 5000 слов]
_fУн-т Рос. акад. образования
_g[Сост. И.С. Лицов]
210 _aМ.
_cИзд-во УРАО
_d2000
215 _a139,[1] с.
_d17
686 _aШ141.12-491орфоэп
702 1 _aЛицов
_bИ. С.
_4220
712 0 2 _4570
_aРоссийская академия образования
_bУниверситет
_9554585
_3RU\NLR\AUTH\8810028039
801 0 _aRU
_bNLR
_c20000921
_gPSBO
801 1 _aRU
_bNLR
_c20000921
852 _aNLR
_jС К-1/8162
942 _cBOOK
980 _aNB